Problemas de estadísticas
Saved in:
| Hovedforfatter: | |
|---|---|
| Format: | Bog |
| Sprog: | spansk |
| Udgivet: |
Santiago
Universidad de Chile
1982
|
| Serier: | Serie Docencia, 40
|
| Fag: | |
| Tags: |
Tilføj Tag
Ingen Tags, Vær først til at tagge denne postø!
|
MARC
| LEADER | 00000nam a2200000 a 4500 | ||
|---|---|---|---|
| 001 | UCT6049 | ||
| 003 | CL-VaPUC | ||
| 008 | 961230e19820000CL |||||||||||||||||spa|d | ||
| 082 | 0 | 4 | |a 519.5 |b DOT |2 21 |
| 100 | 0 | |a D'Ottone, Horacio |e author |9 519300 | |
| 245 | 1 | 0 | |a Problemas de estadísticas |
| 300 | |a 453 p | ||
| 942 | |c BK | ||
| 945 | |d 19961230 00:00:00 |a rleighto | ||
| 260 | |a Santiago |b Universidad de Chile |c 1982 | ||
| 650 | 0 | |a Estadística matemática |9 260028 | |
| 650 | 7 | |a PROBLEMAS |2 CL-VaPUC |9 269806 | |
| 650 | 0 | |a Ejercicios |9 269807 | |
| 651 | 7 | |a CHILE |2 CL-VaPUC |9 519301 | |
| 583 | |a last modification |c 19961230 00:00:00 |k Rodrigo Vera | ||
| 490 | 0 | |a Serie Docencia, 40 | |
| 999 | |c 324880 |d 324878 | ||